00330nam a2200133Ia 450000500170000000800410001702000180005808200180007610000230009424500220011726000270013930000080016665000220017420250409161929.0231217s9999 xx 000 0 und d a9788176111492 a150 PAL;1 R aPaliwal, Suprithy. 0aSocial psychology c2002bRBSA PubaJaipur a308 aSocial,psychology